Broadway Names (Audio) Quiz Stats

 Plays Quiz not verified by Sporcle

Also try: Disney Zoology
Challenge
Share
Tweet
Score 0/50 Timer 10:00
0 Plays Today
Clip Musical % Correct
0:00-0:05Rent
85%
3:46-3:49Wicked
82%
0:51-0:54Hairspray
81.8%
3:50-3:55Les Miserables
81.2%
3:24-3:27Chicago
81%
1:51-1:56Jesus Christ Superstar
79.3%
1:00-1:03The Rocky Horror Show
79.2%
1:08-1:15Phantom of the Opera
76.4%
2:20-2:23The Book of Mormon
74.2%
2:40-2:43Little Shop of Horrors
72.9%
2:11-2:15Sweeney Todd: The Demon Barber of Fleet Street
70.1%
2:07-2:10West Side Story
67.1%
1:57-2:01Avenue Q
66%
2:58-3:03 Peter Pan
65.4%
0:15-0:19Guys and Dolls
65%
2:34-2:39Funny Girl
64.2%
0:26-0:33Evita
63.5%
1:29-1:32You're A Good Man Charlie Brown
62.4%
0:20-0:23Billy Elliot
57.3%
3:20-3:23My Fair Lady
57.3%
0:34-0:40Porgy and Bess
55.6%
0:45-0:50The Producers
55.1%
3:08-3:12Oliver!
55%
2:02-2:06The Music Man
54.5%
3:13-3:19Company
52.1%
Clip Musical % Correct
1:26-1:28Camelot
51.8%
1:42-1:45Beauty & The Beast
50.6%
1:46-1:50South Pacific
49.2%
0:41-0:44Next to Normal
46.8%
0:24-0:25Dreamgirls
45.9%
1:33-1:37How to Succeed in Business Without Really Trying
41.1%
1:38-1:41Fiddler on the Roof
41.1%
2:52-2:58Bye Bye Birdie
41%
2:44-2:50Man of La Mancha
40.1%
2:24-2:29Gypsy
38%
4:01-4:18Cinderella
37.5%
1:04-1:07Oklahoma!
37.2%
3:28-3:31The Light in the Piazza
31%
3:42-3:45Carousel
30.1%
3:36-3:41Assassins
28.6%
0:55-0:59The Drowsy Chaperone
27.7%
1:16-1:19Hair
25.2%
3:32-3:35A Funny Thing Happened on the Way to the Forum
25.2%
0:06-0:14Sunday in the Park with George
22.2%
2:51-2:54Merrily We Roll Along
17.2%
2:16-2:191776
16.4%
3:56-4:00Follies
12%
3:04-3:07Passion
11.2%
2:30-2:33She Loves Me
9.4%
1:20-1:25Candide
8.5%

You're not logged in!

Compare scores with friends on all Sporcle quizzes.
OR
Log In

You Might Also Like...

Show Comments

Extras

Top Quizzes Today


Score Distribution

Your Account Isn't Verified!

In order to create a playlist on Sporcle, you need to verify the email address you used during registration. Go to your Sporcle Settings to finish the process.

Report this User

Report this user for behavior that violates our Community Guidelines.

Details: